Most Densely-Populated U.S. States in 1900 - Statistics

General Stats
  • This quiz has been taken 20 times
  • The average score is 8 of 10
Answer Stats
people / mi2 State % Correct
122.4 Maryland
89%
256.1 New Jersey
89%
101.7 Ohio
89%
414.5 Rhode Island
89%
187.6 Connecticut
83%
359.7 Massachusetts
83%
94.8 Delaware
78%
86.8 Illinois
78%
154.2 New York
78%
140.9 Pennsylvania
78%
No matching quizzes found
Score Distribution
Percent of People with Each Score
Percentile by Number Answered
Your Score History
You have not taken this quiz